000
00221nam a22000857a 4500
008
170608b xxu||||| |||| 00| 0 eng d
100
_9
3342
_a
David. A
245
_a
Animal World
260
_a
New Delhi
_b
Children's Book Trust
_c
1973
999
_c
6661
_d
6661